000 00624nam a2200181Ia 4500
008 100920s9999 xx 000 0 und d
082 _b28419
_a320 थ 74
100 _aदादूमिया.
245 _aदलितांचे राजकारण.
260 _bमॅजेस्टिक बुक स्टॉल, मुंबई.
_c1974
300 _a195
_bसाधी
365 _b15
520 _aराजकारण.
630 _aदलितांचे राजकारण.
650 _aराजकारण.
730 _aदलितांचे राजकारण.
942 _cBOOK
999 _c684759
_d684756